Moór Gyula egy XX. századi magyar jogfilozófus pályaképe

Elmentve itt :
Bibliográfiai részletek
Szerző: Szabadfalvi József
Adatforrás:Philobibl
Dokumentumtípus: Könyv
Nyelv:magyar
Kulcsszavak:Moór Gyula
jogfilozófia
Megjelent: Miskolc Szabadfalvi J. 1992
Sorozat:Kandidátusi értekezés
LEADER 00487nam a2200157 c 4500
001 bibPHI0040863
005 20200924124424.9
008 061215s1992 hu 00010 hun d
100 1 |a Szabadfalvi József 
245 1 0 |a Moór Gyula  |b egy XX. századi magyar jogfilozófus pályaképe  |c írta Szabadfalvi József 
260 |a Miskolc  |b Szabadfalvi J.  |c 1992 
300 |a 322 fol. 
490 1 |a Kandidátusi értekezés 
695 |a Moór Gyula 
695 |a jogfilozófia 
830 0 |a Kandidátusi értekezés